Los pasos perdidos

Spremljeno u:
Bibliografski detalji
Glavni autor: Carpentier, Alejo (Autor)
Format: Knjiga
Jezik:španjolski
Izdano: Santiago Orbe 1972
Teme:
Oznake: Dodaj oznaku
Bez oznaka, Budi prvi tko označuje ovaj zapis!

MARC

LEADER 00000nam a2200000 a 4500
001 UCW5114
003 CL-VaPUC
008 901205e19720000CL |||||||||||||||||spa|d
082 0 4 |a Cu863  |b CAR  |2 21 
100 0 |a Carpentier, Alejo  |e author  |9 309981 
245 1 4 |a Los pasos perdidos 
300 |a 224 p 
942 |c BK 
945 |d 19901205 00:00:00 
260 |a Santiago  |b Orbe  |c 1972 
650 0 |a Novelas cubanas  |9 268276 
583 |a last modification  |c 19901205 00:00:00  |k Rodrigo Vera 
999 |c 218625  |d 218623 
952 |0 0  |1 0  |4 0  |6 CU_863_000000000000000_CAR_1972  |7 0  |8 A  |9 208450  |a BIBEDU  |b BIBEDU  |d 2019-11-15  |i 2763583  |o Cu863 CAR 1972  |p 2763583  |r 2019-11-15  |w 2019-11-15  |y BK  |k EDU